000
00275nam a22001097a 4500
082
_a
910
100
_a
Barnal ,Mahesh Kumar
_9
82572
245
_a
Geography Of India (The Gist Of NCERT) VI to XII
260
_a
Delhi
_b
Cosmos
_c
2024
650
_a
Geography
942
_c
C. BOOKS
999
_c
67160
_d
67160